| 000 | 00942nam a22001937a 4500 | ||
|---|---|---|---|
| 999 |
_c76645 _d76645 |
||
| 005 | 20251125233133.0 | ||
| 008 | th tha d | ||
| 040 | _a์NALT | ||
| 041 | _atha | ||
| 050 |
_aDS 586 _bภ671จ |
||
| 245 | 0 | 0 | _a70 ปี ใต้ร่มพระบารมีทั่วแผ่นฟ้าร่มเย็นเป็นสุข |
| 260 | 3 |
_aกรุงเทพฯ : _bเบอร์ด้า (ประเทศไทย), _cม.ป.ป. |
|
| 300 |
_a49 หน้า : _bภาพประกอบ ; _c33 ซม. |
||
| 600 | 0 | 0 |
_aภูมิพลอดุลยเดช, _cพระบาทสมเด็จพระเจ้าอยู่หัว, _d2470- _96254 |
| 850 | _aNALT | ||
| 856 | 4 | 0 |
_uhttps://hdl.handle.net/20.500.14156/521385 _71 |
| 942 |
_cGB _02 _2lcc |
||
| 998 |
_j104 _k สายฝน ดีงาม |
||